| 000 | 00575nam a2200193 4500 | ||
|---|---|---|---|
| 999 |
_c188966 _d188966 |
||
| 005 | 20220608144446.0 | ||
| 010 | _aENG-133140 | ||
| 020 |
_a9788126040506 _c50.00 |
||
| 035 | _aEN-116672 | ||
| 037 | _bDBAD/PUB | ||
| 082 | _a921 | ||
| 100 | _aAnsari, Naami | ||
| 245 |
_aMakers of Indian Literature: _bDaya Narain Nigam/ _cNaami Ansari |
||
| 260 |
_aNew Delhi _bSahitya Akademi _c2012 |
||
| 270 |
_aRabindra Bhavan, 35, Ferozeshah Road _bNew Delhi _e110001 |
||
| 300 |
_a64p. _c21cm(pbk) |
||
| 700 | _aMohammad Umar Burney | ||
| 942 |
_2ddc _cEN _h921 _mANS |
||